Normal view
MARC view
Entry Topical Term
001 - CONTROL NUMBER
- control field: 47621
003 - CONTROL NUMBER IDENTIFIER
- control field: OSt
005 - DATE AND TIME OF LATEST TRANSACTION
- control field: 20240913103830.0
008 - FIXED-LENGTH DATA ELEMENTS
- fixed length control field: 240913|| aca||aabn | a|a d
040 ## - CATALOGING SOURCE
- Original cataloging agency: OSt
- Transcribing agency: OSt
150 ## - HEADING--TOPICAL TERM
- Topical term or geographic name entry element: E-governance, User perceptions, Satisfaction, Municipal corporations, Kerala.
670 ## - SOURCE DATA FOUND
- Source citation: Work cat.: (OSt): Chandra, Saurabh 47620, E-governance adaptation: A study of user perceptions and satisfaction in the Thiruvananthapuram municipal corporation, Kerala
